000 00674nam a2200241Ia 4500
003 OSt
005 20220926010625.0
006 a|||||r|||| 00| 0
007 ta
008 220923b |||||||| |||| 00| 0 eng d
037 _cGeneral Book
040 _aRTL
_cRTL
_beng
041 _2eng
_aeng
082 _aY:(G), M6
100 _aKayE Howard L
_9312646
245 0 _aSocial meaning of mocern biology
_b From social to s
260 _aNew Haven
_bYale University Press
_c1986
300 _aix, 184p
_ccm.
500 _aBibiliography P 167-80
650 _aSociometry
942 _hY:(G), M6
_cGB
_2CC
999 _c617805
_d617805